Orientación y tutoría 3º : Secundaria : libro del profesor

Gespeichert in:
Bibliographische Detailangaben
Weitere Verfasser: Arribas, Carlos (Arribas Alonso)
Format: Buch
Sprache:Spanisch
Erschienen: Madrid : Edelvives, D.L. 1995
Katalog:MANES:  Suchergebnis im Bibliothekskatalog
Schulbuchspezifische Eigenschaften:
Schlagworte:
Tags: Tag hinzufügen
Keine Tags, Fügen Sie den ersten Tag hinzu!
Hinzugefügt zu:08.04.1996
Geändert in:07.05.2025

MARC

LEADER 00000camaa2200000 i 4500
005 20250507134414.0
008 960409s1995 esp f 000 0 spa d
020 |a 8426330797 
040 |a uned  |b spa  |c entro-manes 
245 0 0 |a Orientación y tutoría 3º :   |b Secundaria : libro del profesor /   |c autores, Carlos Arribas Alonso (proyecto y coordinación) ... [et al.] 
260 |a Madrid :   |b Edelvives,   |c D.L. 1995 
300 |a 151 p. 
504 |a Bibliogr.: p. 151 
546 |a España 
561 |5 es-BUNED  |3 L.T.M. 1637  |a España. Fondo Manes UNED  |k MANES 
650 7 |a Orientación pedagógica  |9 37229  |a Tutoría  |a Manual del docente  |9 36315 
700 1 |a Arribas, Carlos   |d (Arribas Alonso) 
942 |2 ddc  |c BK 
999 |c 93713  |d 93713 
999 |c manes:93713  |d 93713